00671nam a22002291 4500001001300000003000400013005001700017008004100034010001700075025002000092043001200112050001800124110004300142245005000185260002100235300003100256500001700287500005800304650004300362700001900405999001700424sa 68001190 DLC20260227112431.0710903s1965 pk a 00000 eng  asa 68001190  aPL480:P-E-E-132 aa-pk---0 aHD7051.5b.A510aPakistan.bCentral Statistical Office.10aConsumer price index;bscope and limitations.1 a[Karachi]c1965. aiii, 43 p.billus.c28 cm. aCover title. a"The text ... has been written by Mr. R. H. Sheriff." 0aCost and standard of livingzPakistan.10aSheriff, R. H. c77782d77782